Zborník prác Výskumného ústavu dopravného č. 34
Salvato in:
| Natura: | Libro |
|---|---|
| Lingua: | slovacco |
| Pubblicazione: |
Praha
Nakladatelství dopravy a spojů
1984
|
| Tags: |
Nessun Tag, puoi essere il primo ad aggiungerne!!
|
MARC
| LEADER | 00000nam a2200000 4500 | ||
|---|---|---|---|
| 001 | c109986 | ||
| 005 | 20181023135702.5 | ||
| 041 | 0 | |a slo | |
| 044 | |a CZ | ||
| 245 | 1 | 0 | |a Zborník prác Výskumného ústavu dopravného č. 34 |
| 264 | 1 | |a Praha |b Nakladatelství dopravy a spojů |c 1984 | |
| 300 | |a 228 s. | ||